| 000 | 01403nam0a2200373 4500 | ||
|---|---|---|---|
| 001 | RU\NLR\BIBL_A\012205764 | ||
| 005 | 20200212134827.0 | ||
| 010 |
_a978-5-389-16354-6 _95000 |
||
| 021 |
_aRU _bКН-П-19-100665 _9КН-П-19-7396 |
||
| 035 | _a(NLR Aleph) 012205764 | ||
| 035 | _a(RuMoRGB)010214626 | ||
| 090 |
_a10861535 _c10861535 |
||
| 100 | _a20200204d2019 u y0rusy50 ca | ||
| 101 | 1 |
_arus _cita |
|
| 102 | _aRU | ||
| 105 | _ay|||z|||000ay | ||
| 181 | 0 |
_ai _baxxe |
|
| 182 | 0 | _an | |
| 200 | 1 |
_aУбить ангела _e[роман] _fСандроне Дациери _g[перевод с итальянского Любови Карцивадзе] |
|
| 203 |
_aТекст _bвизуальный _cнепосредственный |
||
| 210 |
_aСанкт-Петербург _cАзбука _cАзбука-Аттикус _d2019 |
||
| 215 |
_a475, [3] с. _d22 |
||
| 225 | 1 | _aЗвезды мирового детектива | |
| 320 | _aДр. произведения авт. на 2-й с. | ||
| 320 | _aБиблиогр.: с. 475-476 | ||
| 333 | _a16+ | ||
| 686 | 1 | _aШ6(4Ит)67-446{Лх1609-60} | |
| 700 | 1 |
_7ca _8rus _aДациери _bС. _f1964- _gСандроне _9218948 _3RU\NLR\AUTH\770219004 |
|
| 942 | _cBOOK | ||
| 980 | _aNBR | ||
| 980 | _aNB | ||